Archaeological Survey Report of Greater Faridpur District / (Record no. 8484)
[ view plain ]
| 000 -LEADER | |
|---|---|
| fixed length control field | 00622nam a2200229 a 4500 |
| 001 - CONTROL NUMBER | |
| JCCL Control Number | 8483 |
| 003 - CONTROL NUMBER IDENTIFIER | |
| JCCL marc code | BD-JhCC |
| 005 - DATE AND TIME OF LATEST TRANSACTION | |
| control field | 20180225131455.0 |
| 008 - FIXED-LENGTH DATA ELEMENTS--GENERAL INFORMATION | |
| fixed length control field | 180222s bg a|||| |||| 000 0 eng d |
| 020 ## - INTERNATIONAL STANDARD BOOK NUMBER | |
| International Standard Book Number | 9847730008 |
| 035 ## - SYSTEM CONTROL NUMBER | |
| system control number | (BD-JhCC)8483 |
| 040 ## - CATALOGING SOURCE | |
| Original cataloging agency | BD-JhCC |
| Modifying agency | BD-JhCC |
| 041 ## - LANGUAGE CODE | |
| Language code of Book | eng |
| 082 ## - DEWEY DECIMAL CLASSIFICATION NUMBER | |
| Classification number | 913 |
| Author mark and Year | MIA |
| 100 ## - MAIN ENTRY--PERSONAL NAME | |
| Personal name | Miah, Md. Abul Hashem |
| 245 ## - TITLE STATEMENT | |
| Title | Archaeological Survey Report of Greater Faridpur District / |
| Statement of responsibility, etc | Md. Abul Hashem Miah |
| 260 ## - PUBLICATION, DISTRIBUTION, ETC. (IMPRINT) | |
| Place of publication, distribution, etc | Dhaka : |
| Name of publisher, distributor, etc | Department of Archaeology, |
| 300 ## - PHYSICAL DESCRIPTION | |
| Pagination | 188 p. : |
| Other physical details | ill. , |
| Dimensions | 24 cm. |
| 650 ## - SUBJECT ADDED ENTRY--TOPICAL TERM | |
| Topical term or geographic name as entry element | Archology |
| Geographic subdivision | Bangladesh |
| 942 ## - ADDED ENTRY ELEMENTS (KOHA) | |
| Source of classification or shelving scheme | Dewey Decimal Classification |
| Koha item type | Books |
| Source of classification or shelving scheme | Damaged status | Not for loan | Home library | Current library | Shelving location | Date of accession | Cost, normal purchase price | Total Checkouts | Full call number | Barcode | Date last seen | Copy number | Koha item type |
|---|---|---|---|---|---|---|---|---|---|---|---|---|---|
| Dewey Decimal Classification | JCC Rouf Library | JCC Rouf Library | General Stacks | 02/25/2018 | 102.00 | 913 MIA | 10775 | 02/25/2018 | C-1 | Books |